5HLuxD.jpg

KING HENRY VIII SENIOR AND PRIMARY SCHOOL LIBRARY OPAC

The case of the left-handed lady : (Record no. 1967)

000 -LEADER
fixed length control field 01796cam a2200397 a 4500
001 - CONTROL NUMBER
control field .b27050105
003 - CONTROL NUMBER IDENTIFIER
control field OCoLC
005 - DATE AND TIME OF LATEST TRANSACTION
control field 20230221114842.0
008 - FIXED-LENGTH DATA ELEMENTS--GENERAL INFORMATION
fixed length control field 120629t20082007nyu j 000 1 eng d
020 ## - INTERNATIONAL STANDARD BOOK NUMBER
International Standard Book Number 9780142411902
Qualifying information (pbk.)
020 ## - INTERNATIONAL STANDARD BOOK NUMBER
International Standard Book Number 0142411906
Qualifying information (pbk.)
035 ## - SYSTEM CONTROL NUMBER
System control number ocn183265866
035 ## - SYSTEM CONTROL NUMBER
System control number (OCoLC)183265866
040 ## - CATALOGING SOURCE
Original cataloging agency BTCTA
Language of cataloging eng
Transcribing agency BTCTA
Modifying agency BAKER
-- BNY
-- XY4
-- EHH
-- IDLWE
-- OEL
-- JP3
-- OCLCQ
-- BDX
-- KH8
042 ## - AUTHENTICATION CODE
Authentication code nbic
082 ## - DEWEY DECIMAL CLASSIFICATION NUMBER
Classification number FIC SPR
100 1# - MAIN ENTRY--PERSONAL NAME
Personal name Springer, Nancy.
Relator term author
245 14 - TITLE STATEMENT
Title The case of the left-handed lady :
Remainder of title an Enola Holmes mystery /
Statement of responsibility, etc. Nancy Springer.
260 ## - PUBLICATION, DISTRIBUTION, ETC.
Place of publication, distribution, etc. New York, N.Y. :
Name of publisher, distributor, etc. Sleuth Puffin,
Date of publication, distribution, etc. 2008, c2007.
300 ## - PHYSICAL DESCRIPTION
Extent 234, 14 p. ;
Dimensions 20 cm.
440 ## - SERIES STATEMENT/ADDED ENTRY--TITLE
Title An Enola Holmes Mystery
500 ## - GENERAL NOTE
General note Originally published in the U.S. by Philomel Books, a division of Penguin Young Readers Group, 2006.
520 ## - SUMMARY, ETC.
Summary, etc. Pursued by her much older brother, famed detective Sherlock Holmes, fourteen-year-old Enola, disguised and using false names, attempts to solve the kidnapping of a baronet's sixteen-year-old daughter in nineteenth-century London.
520 ## - SUMMARY, ETC.
Summary, etc. Enola Holmes, much younger sister of detective Sherlock Holmes, must travel to London in disguise to unravel the disappearance of her missing mother.
650 #0 - SUBJECT ADDED ENTRY--TOPICAL TERM
Topical term or geographic name entry element Kidnapping
Form subdivision Fiction.
650 #0 - SUBJECT ADDED ENTRY--TOPICAL TERM
Topical term or geographic name entry element Hypnotism
Form subdivision Fiction.
650 #0 - SUBJECT ADDED ENTRY--TOPICAL TERM
Topical term or geographic name entry element Holmes, Enola (Fictitious character)
Form subdivision Juvenile fiction.
650 #0 - SUBJECT ADDED ENTRY--TOPICAL TERM
Topical term or geographic name entry element Holmes, Sherlock (Fictitious character)
Form subdivision Juvenile fiction.
650 #0 - SUBJECT ADDED ENTRY--TOPICAL TERM
Topical term or geographic name entry element Brothers and sisters
Form subdivision Juvenile fiction.
650 #0 - SUBJECT ADDED ENTRY--TOPICAL TERM
Topical term or geographic name entry element Mystery.
650 #0 - SUBJECT ADDED ENTRY--TOPICAL TERM
Topical term or geographic name entry element Mothers
Form subdivision Juvenile fiction.
651 #0 - SUBJECT ADDED ENTRY--GEOGRAPHIC NAME
Geographic name London (England)
General subdivision History
Chronological subdivision 19th century
Form subdivision Fiction.
651 #0 - SUBJECT ADDED ENTRY--GEOGRAPHIC NAME
Geographic name Great Britain
General subdivision History
Chronological subdivision 19th century
Form subdivision Fiction.
655 #0 - INDEX TERM--GENRE/FORM
Genre/form data or focus term Mystery and detective stories.
942 ## - ADDED ENTRY ELEMENTS (KOHA)
Source of classification or shelving scheme
Koha item type Books - Fiction
Holdings
Withdrawn status Lost status Source of classification or shelving scheme Damaged status Not for loan Collection code Permanent Location Current Location Shelving location Date acquired Full call number Barcode Date last seen Price effective from Koha item type
          Fiction KH8 Senior School Library KH8 Senior School Library Fiction 2023-02-21 FIC SPR 3KHSL000101983 2023-02-21 2023-02-21 Books - Fiction

Powered By KH8 IT Dept